SAC Rural Property Centre (Record no. 120699)

MARC details
000 -LEADER
fixed length control field 00882cai a22001815a 4500
001 - CONTROL NUMBER
control field E144999
008 - FIXED-LENGTH DATA ELEMENTS--GENERAL INFORMATION
fixed length control field 080829u xxk g 000 0 eng d
035 ## - SYSTEM CONTROL NUMBER
System control number (Sirsi) u144999
041 0# - LANGUAGE CODE
Language code of text/sound track or separate title eng
110 2# - MAIN ENTRY--CORPORATE NAME
Corporate name or jurisdiction name as entry element Scottish Agricultural College
9 (RLIN) 3388
245 00 - TITLE STATEMENT
Title SAC Rural Property Centre
Medium [electronic resource]
520 ## - SUMMARY, ETC.
Summary, etc. Website for the Scottish Agricultural College's Rural Property Centre, which aims to assess the impact of current policies on rural life, and to undertake research which will inform future rural policy making. Includes links to recent publications, including research reports and policy briefings.
590 ## - LOCAL NOTE (RLIN)
Local note KA
651 #4 - SUBJECT ADDED ENTRY--GEOGRAPHIC NAME
Geographic name Scotland
Chronological subdivision 1999-
690 ## - LOCAL SUBJECT ADDED ENTRY--TOPICAL TERM (OCLC, RLIN)
Topical term or geographic name as entry element ENVIRONMENTAL AND LAND CONSULTANCY-AGRIBUSINESS-AGRICULTURE
856 40 - ELECTRONIC LOCATION AND ACCESS
Uniform Resource Identifier <a href="https://www.sac.ac.uk/ruralpolicycentre/">https://www.sac.ac.uk/ruralpolicycentre/</a>
Public note View the website free of charge at www.sac.ac.uk/ruralpolicycentre...
942 ## - ADDED ENTRY ELEMENTS (KOHA)
Suppress in OPAC 0
Holdings
Withdrawn status Lost status Source of classification or shelving scheme Damaged status Not for loan Home library Current library Shelving location Date acquired Total Checkouts Full call number Barcode Date last seen Copy number Price effective from Koha item type
    Dewey Decimal Classification     Virtual Virtual Online 29/08/2008   WEBSITE 144999-2001 06/08/2019 1 06/08/2019 Online material